01015nam a2200253 i 4500001000300000100004700003245020100050260005700251300005000308504001400358650003000372650002200402655003000424020001500454040000800469041000800477080003600485920001800521942000700539008004100546999001700587856009800604952005900702bg1 aGundlach, Władysław Rudolfd(1921-2007).10aZ Wysp Brytyjskich przez Turbinową Dolinę Szwajcarską w dwudziesty pierwszy wiek :bszkic rozwoju cieplnych maszyn energetycznych od czasów Herona z Aleksandrii /cWładysław R. Gundlach. aŁódź :bWydaw. Politechniki Łódzkiej,c2005. a252 s. :bfot., rys. (w tym kolor.) ;c24 cm. aBibliogr. 9aMaszyny cieplnexhistoria 9aTurbinyxhistoria aPodręczniki akademickie a8372831750 cBPK apol a62-135:621.1:536.7](091)(075.8) a83-7283-175-0 cKS s pl f |000 0 pol  c51546d51546 uhttp://koha.tu.koszalin.pl/cgi-bin/koha/opac-detail.pl?biblionumber=51546yKatalog online BPK 00104071aBPKbBPKcco78636p02300948t621.31 EyKS